| 000 | 004080000a22001690004500 | ||
|---|---|---|---|
| 003 | MACL | ||
| 005 | 20160105174347.0 | ||
| 008 | 160105b xxu||||| |||| 00| 0 eng d | ||
| 040 |
_aMACL _cMACL |
||
| 041 | _aEnglish | ||
| 082 | _a823/DRU | ||
| 100 |
_aDrury, Allen _928390 |
||
| 245 | _aA Shade Of Difference | ||
| 260 |
_bMichael Joseph _c1963 _aLondon |
||
| 650 |
_aNovel _9153 |
||
| 942 |
_cBK _k823/dru _2ddc |
||
| 999 |
_c35889 _d35889 |
||